000 00335 a2200145 4500
001 162419
020 _a
040 _cMagnum
100 _aRegina, Tia.
240 1 0 _aA carreta dourada - o primeiro gaucho
_lpor
245 1 0 _aA carreta dourada - o primeiro gaucho
362 0 _a1899
697 _aIJ/LENDAS, FOLCLORE
942 _cBK
999 _c162419
_d162419